Symbole des Periodensystems mit nur 1 Buchstaben - Sudden Death - Statistiken

Allgemein
  • Dieses Quiz wurde 166 mal gespielt
  • Das Durchschnittsergebnis liegt bei 8 aus 14
Answers on the Grid
Answers color-coded by a green-red scale on the quiz's grid according to % correct below.
A
B
C
D
E
F
G
H
I
J
K
L
M
N
O
P
Q
R
S
T
U
V
W
X
Y
Z
 
Antwortstatistiken
Antwort % Korrekt
Sauerstoff O
73%
Kohlenstoff C
72%
Wasserstoff H
72%
Bor B
66%
Schwefel S
64%
Stickstoff N
61%
Iod I
57%
Fluor F
55%
Kalium K
50%
Phosphorus P
44%
Uran U
41%
Wolfram W
38%
Yttrium Y
37%
Vanadium V
32%
Keine übereinstimmenden Quizze gefunden
Verteilung der Resultate
Anzahl Personen mit jedem Resultat
Perzentil nach korrekt beantworteten Fragen
Ihre Resultats-Entwicklung
Sie haben dieses Quiz noch nicht gespielt